| Tag |
First Indicator |
Second Indicator |
Subfields |
| LEADER |
00000cam a2200000 a 4500 |
| 001 |
in00000080127 |
| 005 |
20151008055327.0 |
| 008 |
810715m19009999enka b 00110 eng |
| 010 |
|
|
|a 80041741
|
| 015 |
|
|
|a GB***
|
| 020 |
|
|
|a 0470271302 (Halsted Press : v. 2)
|
| 035 |
|
|
|a (OCoLC)07652894
|
| 035 |
|
|
|9 AAJ3165AM
|
| 039 |
0 |
|
|a 2
|b 3
|c 3
|d 3
|e 3
|
| 040 |
|
|
|a DLC
|c DLC
|d TXA
|d UtOrBLW
|
| 049 |
|
|
|a TXAM
|v 2 [1361862]
|
| 050 |
0 |
0 |
|a T57.6
|b .C655
|
| 082 |
0 |
|
|a 001.4/24
|2 19
|
| 100 |
1 |
|
|a Conolly, Brian.
|
| 245 |
1 |
0 |
|a Techniques in operational research /
|c Brian Conolly.
|
| 264 |
|
1 |
|a Chichester :
|b Horwood ;
|a New York :
|b Halsted Press,
|c 1981- [v.2]
|
| 300 |
|
|
|a volumes :
|b illustrations ;
|c 24 cm.
|
| 336 |
|
|
|a text
|b txt
|2 rdacontent
|
| 337 |
|
|
|a unmediated
|b n
|2 rdamedia
|
| 338 |
|
|
|a volume
|b nc
|2 rdacarrier
|
| 490 |
1 |
|
|a Ellis Horwood series in mathematics and its applications
|
| 504 |
|
|
|a Includes bibliographical references and index.
|
| 505 |
1 |
|
|a -- v. 2. Models, search and randomization.
|
| 650 |
|
0 |
|a Operations research.
|
| 830 |
|
0 |
|a Ellis Horwood series in mathematics and its applications.
|
| 999 |
|
|
|a MARS
|
| 999 |
f |
f |
|s d295ca5e-784b-31a4-8f65-8f55dc74b953
|i f6c702d6-07e0-308e-8755-ff6751346f55
|t 0
|
| 952 |
f |
f |
|p ric
|a Texas A&M University
|b Rellis Campus
|c Joint Library Facility
|d Remote Storage
|t 0
|e T57.6 .C655
|h Library of Congress classification
|i unmediated -- volume
|k v.2
|m A14806240299
|
| 998 |
f |
f |
|a T57.6 .C655
|s v.2
|t 0
|l Remote Storage
|